| 000 | 00553nam a2200181 i 4500 | ||
|---|---|---|---|
| 001 | 112148 | ||
| 003 | ES-MaACL | ||
| 005 | 20230906185444.0 | ||
| 007 | t| | ||
| 008 | 061121s1911 fr r ||||1| fre d | ||
| 100 | 1 |
_aOrsi, Pietro. _987374 |
|
| 245 | 1 | 0 |
_aHistoire de l'Italie moderne _b: (1750-1910) / _cPietro Orsi ; traduction de Henri Bergmann. |
| 260 |
_aChartres : _b[s.n.], _c1911 ( _fImp. Durand) |
||
| 300 |
_aXII, 448 p. ; _c20 cm. |
||
| 651 | 4 |
_aItalia- _xHistoria. _98866 |
|
| 700 | 1 |
_aBergmann, Henri. _927999 |
|
| 852 |
_aES-MaACL _jG-1286 |
||
| 999 |
_c112148 _d112148 |
||